000 00447nam a2200193Ia 4500
005 20240823050521.0
008 240823s9999||||xx |||||||||||||| ||und||
020 _a81-318-0079-2
041 _aENGLISH
082 _A537.6 P9
100 _aHans C Ohanian
245 0 _aClassical Electrodynamics
250 _a2nd
260 _c2009
_bFire wall
500 _aYES
650 _aElectrodynamics
_bElectrical
942 _cBK
999 _c217441
_d217441